Dog space/ (Record no. 181551)

000 -LEADER
fixed length control field 00369nam a2200157 4500
020 ## - INTERNATIONAL STANDARD BOOK NUMBER
ISBN 9789386560223
082 ## - DEWEY DECIMAL CLASSIFICATION NUMBER
Classification number M301
Item number BON/D
100 ## - MAIN ENTRY--AUTHOR NAME
Personal name Bony Thomas
245 ## - TITLE STATEMENT
Title Dog space/
Statement of responsibility, etc by Bony Thomas
260 ## - PUBLICATION, DISTRIBUTION, ETC. (IMPRINT)
Place of publication Kottayam:
Name of publisher D C Books,
Year of publication 2017
300 ## - PHYSICAL DESCRIPTION
Number of Pages 136p.
650 ## - SUBJECT ADDED ENTRY--TOPICAL TERM
Topical Term Stories Malayalam
650 ## - SUBJECT ADDED ENTRY--TOPICAL TERM
Topical Term Literature Malayalam
650 ## - SUBJECT ADDED ENTRY--TOPICAL TERM
Topical Term Literature
942 ## - ADDED ENTRY ELEMENTS (KOHA)
Koha item type Book
Holdings
Withdrawn status Lost status Damaged status Not for loan Permanent Location Current Location Shelving location Date acquired Cost, normal purchase price Full call number Accession Number Price effective from Koha item type
        Sree Sankaracharya University of Sanskrit Sree Sankaracharya University of Sanskrit Stacks 16.05.2026 125.00 M301 BON/D 108561 16.05.2026 Book